Centroamérica Internacional /
Guardado en:
| Autor Corporativo: | |
|---|---|
| Formato: | Libro |
| Lenguaje: | Spanish |
| Publicado: |
San José, Costa Rica,
FLACSO
|
| Materias: | |
| Etiquetas: |
Agregar Etiqueta
Sin Etiquetas, Sea el primero en etiquetar este registro!
|
MARC
| LEADER | 00000nam a22000007a 4500 | ||
|---|---|---|---|
| 003 | cru CIDCACS/IIS | ||
| 005 | 20210324143738.0 | ||
| 007 | ta | ||
| 008 | 200415n cr |||p|r||||||0| ||spa|d | ||
| 040 | |c cru CIDCACS/IIS | ||
| 090 | |a REV0167 | ||
| 110 | 2 | |9 5111 |a FLACSO, Costa Rica | |
| 245 | 1 | |a Centroamérica Internacional / |c Facultad Latinoamericana de Ciencias Sociales | |
| 260 | |a San José, Costa Rica, |b FLACSO | ||
| 270 | |a De la 3º entrada de los Yoses 150 m. sur. |b San José |d Costa Rica |e Apdo 5429 1000 | ||
| 500 | |a EXISTENCIAS : 1989-1994 (1-11) Irregular | ||
| 500 | |a Colección Centroamérica | ||
| 650 | 4 | |9 3217 |a PROBLEMAS POLITICOS | |
| 650 | 4 | |9 2646 |a RELACIONES INTERNACIONALES | |
| 651 | 0 | |9 308 |a CENTROAMERICA | |
| 942 | |2 ddc |c PP | ||
| 999 | |c 43063 |d 43063 | ||
